God loves me: (Record no. 4055)

MARC details
000 -LEADER
fixed length control field 00542nam a22001937a 4500
003 - CONTROL NUMBER IDENTIFIER
control field GBCCL
005 - DATE AND TIME OF LATEST TRANSACTION
control field 20241126110509.0
008 - FIXED-LENGTH DATA ELEMENTS--GENERAL INFORMATION
fixed length control field 180110b xxu||||| |||| 00| 0 eng d
020 ## - INTERNATIONAL STANDARD BOOK NUMBER
International Standard Book Number 057004572X
040 ## - CATALOGING SOURCE
Transcribing agency gbc
082 ## - DEWEY DECIMAL CLASSIFICATION NUMBER
Classification number 248.82
Item number DOU
100 ## - MAIN ENTRY--PERSONAL NAME
Personal name Doud, Guy Rice
9 (RLIN) 7806
245 ## - TITLE STATEMENT
Title God loves me:
Remainder of title So What! /
Statement of responsibility, etc. Guy Rice Doud
260 ## - PUBLICATION, DISTRIBUTION, ETC.
Name of publisher, distributor, etc. Concordia Publishing House,
Place of publication, distribution, etc. St. Louis:
Date of publication, distribution, etc. 1992
300 ## - PHYSICAL DESCRIPTION
Extent 151 p.;
Other physical details ill.,
Dimensions 20 cm.
650 ## - SUBJECT ADDED ENTRY--TOPICAL TERM
Topical term or geographic name entry element Teenagers
Form subdivision Religious life
9 (RLIN) 7811
650 ## - SUBJECT ADDED ENTRY--TOPICAL TERM
Topical term or geographic name entry element God
Form subdivision Juvenile Literature
9 (RLIN) 7812
942 ## - ADDED ENTRY ELEMENTS (KOHA)
Source of classification or shelving scheme Dewey Decimal Classification
Koha item type Books
Holdings
Withdrawn status Lost status Source of classification or shelving scheme Damaged status Not for loan Home library Current Library Shelving location Date acquired Total checkouts Full call number Barcode Date last seen Copy number Price effective from Koha item type
    Dewey Decimal Classification     GRACE BIBLE COLLEGE GRACE BIBLE COLLEGE Ministry & Mission 2018-01-10   248.82 DOU 007763 2025-05-01 c.1 2024-11-26 Books
    Dewey Decimal Classification     GRACE BIBLE COLLEGE GRACE BIBLE COLLEGE Ministry & Mission 2018-01-30   248.82 DOU 007782 2025-05-01 c.2 2018-01-30 Books
    Dewey Decimal Classification     GRACE BIBLE COLLEGE GRACE BIBLE COLLEGE Ministry & Mission 2018-01-30   248.82 DOU 007783 2025-05-01 c.3 2018-01-30 Books
    Dewey Decimal Classification     GRACE BIBLE COLLEGE GRACE BIBLE COLLEGE Ministry & Mission 2018-01-30   248.82 DOU 007784 2025-05-01 c.4 2018-01-30 Books
    Dewey Decimal Classification     GRACE BIBLE COLLEGE GRACE BIBLE COLLEGE Ministry & Mission 2018-01-30   248.82 DOU 007785 2025-05-01 c.5 2018-01-30 Books
    Dewey Decimal Classification     GRACE BIBLE COLLEGE GRACE BIBLE COLLEGE Ministry & Mission 2018-01-30   248.82 DOU 007786 2025-05-01 c.6 2018-01-30 Books
    Dewey Decimal Classification     GRACE BIBLE COLLEGE GRACE BIBLE COLLEGE Ministry & Mission 2018-01-30   248.82 DOU 007787 2025-05-01 c.7 2018-01-30 Books
    Dewey Decimal Classification     GRACE BIBLE COLLEGE GRACE BIBLE COLLEGE Ministry & Mission 2018-01-30   248.82 DOU 007788 2025-05-01 c.8 2018-01-30 Books
    Dewey Decimal Classification     GRACE BIBLE COLLEGE GRACE BIBLE COLLEGE Ministry & Mission 2018-02-19   248.82 DOU 007789 2025-05-01 c.9 2018-02-19 Books
    Dewey Decimal Classification     GRACE BIBLE COLLEGE GRACE BIBLE COLLEGE Ministry & Mission 2018-02-19   248.82 DOU 007791 2025-05-01 c.10 2018-02-19 Books
© Grace Bible College Library 2025